Gnosticism and the New Testament (Record no. 6334)

MARC details
000 -LEADER
fixed length control field 00696nam a2200265 a 4500
020 ## - INTERNATIONAL STANDARD BOOK NUMBER
ISBN 0800612
082 00 - DEWEY DECIMAL CLASSIFICATION NUMBER
Classification number 273.1
Author Cutter PER
100 ## - MAIN ENTRY--AUTHOR NAME
Author name Perkins, Pheme
245 ## - TITLE STATEMENT
Title Gnosticism and the New Testament
260 ## - PUBLICATION, DISTRIBUTION, ETC. (IMPRINT)
Place of publication U S a
Name of publisher Fortress Press
Year of publication 1993
300 ## - PHYSICAL DESCRIPTION
Number of Pages 261p
500 ## - GENERAL NOTE
General note includes index and biblioraphy
505 2# - FORMATTED CONTENTS NOTE
Formatted contents note Biblio., Indices
650 ## - SUBJECT ADDED ENTRY--TOPICAL TERM
Topical Term Bible N.T. Criticism-Interpretaion
650 ## - SUBJECT ADDED ENTRY--TOPICAL TERM
Topical Term Gnostic Literature-Relation to N.Te
650 ## - SUBJECT ADDED ENTRY--TOPICAL TERM
Topical Term Gnosticism
942 ## - ADDED ENTRY ELEMENTS (KOHA)
Koha item type Books
700 1# -
-- Perkins, Pheme
Holdings
Collection code Home library Current library Date acquired Cost, normal purchase price Full call number Accession Number Koha item type
  Henry Martyn Institute Library Henry Martyn Institute Library 07/18/2007 719.10 273.1 PER 014912 Books
                   Copyright © 2026 | Henry Martyn Institute | Hyderabad | TS-500052 | INDIA | Implemented by hmi.edu.in
Hit-Count:

Powered by Koha